Normal view
MARC view
Entry Topical Term
001 - CONTROL NUMBER
- control field: 4995
003 - CONTROL NUMBER IDENTIFIER
- control field: AM-YEHGA
005 - DATE AND TIME OF LATEST TRANSACTION
- control field: 20250617070456.0
008 - FIXED-LENGTH DATA ELEMENTS
- fixed length control field: 140422|| aca||aabn | a|a d
040 ## - CATALOGING SOURCE
- Original cataloging agency: AM-YEHGA
150 ## - HEADING--TOPICAL TERM
- Topical term or geographic name entry element: Քաղաքացիական պաշտպանություն
670 ## - SOURCE DATA FOUND
- Source citation: 83205: Հայաստանի Սոցիալիստական Խորհրդային Հանրապետություն 11326, Հրաման Հ.Ս.Խ.Հ. Հրացանաձիգ դիվիզիայի :, 1923.
ՀՀ Գիտությունների ազգային ակադեմիայի հիմնարար գիտական գրադարան = Fundamental Scientific Library of NAS RA
All site content, except where otherwise noted, is licensed under a